[Event "WchT 3rd"]
[Site "Luzern"]
[Date "1993.??.??"]
[Round "9.4"]
[White "Dreev, Alexey"]
[Black "Rausis, Igors"]
[Result "1-0"]
[WhiteElo "2570"]
[BlackElo "2575"]
[Annotator "Hertneck,G"]
[PlyCount "201"]
[EventDate "1993.10.24"]
[EventType "team-tourn"]
[EventRounds "9"]
[EventCountry "SUI"]
[SourceTitle "CBM 038"]
[Source "ChessBase"]
[SourceDate "1994.02.01"]
[SourceVersion "1"]
[SourceVersionDate "1994.02.01"]
[SourceQuality "1"]
[WhiteTeam "Russia"]
[BlackTeam "Latvia"]
[WhiteTeamCountry "RUS"]
[BlackTeamCountry "LAT"]

1. d4 d5 2. c4 c6 3. e3 Nf6 4. Nc3 a6 5. Nf3 b5 6. cxd5 cxd5 7. Ne5 e6 8. Bd2
Nbd7 9. Rc1 Bd6 (9... Bb7) 10. Nc6 Qb6 11. a4 $1 Bb7 (11... Qxc6 $2 12. Ne4 (
12. Nxb5 Bc5 $13) 12... Qb6 13. a5 Qb8 14. Rxc8+ $1 $18) (11... b4 $1 12. a5
Qb7 $8 (12... Qxc6 $2 13. Ne4 $18) (12... Qc7 $2 13. Na2 $18) 13. Na4 (13. Na2
b3 14. Nab4 Nb8 15. Bd3 (15. Nxb8 $2 Bxb4 16. Nxa6 Bxd2+ 17. Qxd2 Rxa6 $17)
15... Nxc6 16. Nxc6 O-O 17. O-O Bd7 18. Ne5 $13) 13... Ne4 14. Bd3 $14) 12.
axb5 axb5 13. Nxb5 Bxc6 14. Nxd6+ Ke7 15. Bb5 $1 {An ingenious idea!} Bxb5 16.
Bb4 Kd8 $2 (16... Qxd6 $8 17. Bxd6+ Kxd6 18. Qd2 $1 (18. Qb3 $2 Bc4 19. Qb4+
Kc7 20. Qe7 (20. b3 Rhb8 21. Qc3 Ra3 $17) 20... Rhb8 21. Qxf7 Rxb2 22. Qxe6 Kd8
$1 $17) 18... Ra4 19. f3 (19. b3 Ne4 20. Qb2 Ra6 21. f3 Nef6 22. Qd2 Bc6 23.
O-O $14) 19... Bc4 20. e4 $1 $14) 17. Nxf7+ $16 Ke8 18. Nd6+ (18. Nxh8 Ba4 19.
Qxa4 $1 (19. Qd2 $2 Ne4 20. Bc5 Nxd2 21. Bxb6 Nb3 $17) 19... Rxa4 20. Rc8+ Qd8
21. Rxd8+ Kxd8 22. Ba3 (22. Nf7+ Ke8 $1 23. Nd6+ Ke7 24. Ba3 Rxa3 25. Nc8+ Kd8
26. bxa3 Kxc8 $13) 22... Ke8 23. Ke2 Rc4 24. f3 $16) 18... Kd8 19. f3 Bc4 20.
Qd2 Ra4 21. Nf7+ $2 (21. Bc5 $1 Nxc5 22. dxc5 Qc7 (22... Qxc5 23. Nb7+ $18) 23.
Nxc4 $16) 21... Ke8 22. Bc5 Qxc5 $44 23. dxc5 Kxf7 24. b3 Bxb3 25. c6 Ne5 26.
O-O Bc4 27. Ra1 Rxa1 28. Rxa1 Nxc6 29. Qb2 Rb8 30. Qa3 Ne7 31. Qa7 Rd8 32. Qb6
Rd7 33. Kf2 h5 34. Ra8 Nf5 35. Qc5 Rb7 36. Ra7 Rxa7 37. Qxa7+ Ne7 38. Qc7 Bd3
39. Ke1 Bb5 40. Kd2 Bf1 41. Qg3 Nf5 42. Qf2 Bb5 43. Qe1 e5 44. Qc1 e4 45. Qc7+
Kg6 46. Qf4 Bd7 47. Ke1 Kf7 48. Kf2 Ke6 49. h4 Nd6 50. Kg1 Nc4 51. Qg5 Kf7 52.
Kf2 Nb2 53. Qg3 Bb5 54. Qc7+ Kg6 55. Qg3+ Kf7 56. Qc7+ Kg6 57. Qg3+ Kh7 58. Qb8
Nd3+ 59. Ke2 Bd7 60. Qd6 Bf5 61. Kd2 Bg6 62. Ke2 Nb2 63. Qb6 Nc4 64. Qc7 Bf5
65. Kf2 Be6 66. Qe7 Bg8 67. Qc7 Kh8 68. Qb8 Kh7 69. Qc7 Be6 70. Qe7 Bd7 71. Ke2
Ba4 72. Qe6 Bc2 73. Qf5+ Kg8 74. Qe6+ Kh8 75. Qc8+ Kh7 76. Qf5+ Kg8 77. Qe6+
Kf8 78. Kf2 Ba4 79. Qc8+ Ke7 80. Qc7+ Bd7 81. Qg3 Kf7 82. Qc7 Na3 83. Qc5 Nb5
84. Ke1 Ke8 85. Kf2 Kf7 86. Ke1 g6 87. Kf2 Ke6 88. Kg3 Nd6 89. Kf4 Bb5 90. Qd4
exf3 91. gxf3 Nd7 92. Qg7 Bd3 93. Qg8+ Ke7 94. Qxd5 Bf5 95. Qd4 Nf8 96. Qb4 Nd7
97. e4 Bxe4 98. fxe4 Nf6 99. Kg5 Nfxe4+ 100. Kxg6 Ng3 101. Qa3 1-0

[Event "Interzonal-16"]
[Site "Biel"]
[Date "1993.??.??"]
[Round "6"]
[White "Van der Sterren, Paul"]
[Black "Shirov, Alexei"]
[Result "1/2-1/2"]
[WhiteElo "2525"]
[BlackElo "2685"]
[Annotator "Hertneck,G"]
[PlyCount "38"]
[EventDate "1993.07.16"]
[EventType "swiss"]
[EventRounds "13"]
[EventCountry "SUI"]
[SourceTitle "CBM 037"]
[Source "ChessBase"]
[SourceDate "1993.12.01"]
[SourceVersion "1"]
[SourceVersionDate "1993.12.01"]
[SourceQuality "1"]

1. d4 d5 2. c4 c6 3. Nf3 Nf6 4. Nc3 a6 5. e3 b5 6. b3 Bg4 7. h3 Bxf3 8. gxf3 $1
Nbd7 9. f4 bxc4 $146 10. bxc4 dxc4 $5 11. Bxc4 e6 12. Bd2 Bb4 13. O-O (13. Qa4
Nd5 14. Rc1 $14) 13... O-O 14. Ne4 (14. Rb1) (14. a3) 14... a5 15. Bxb4 axb4
16. Nxf6+ Nxf6 $10 17. Qf3 Nd5 18. Rfc1 Ra5 19. Rab1 Qd6 1/2-1/2

[Event "Hastings 9293"]
[Site "Hastings"]
[Date "1992.??.??"]
[Round "1"]
[White "Sadler, Matthew D"]
[Black "Bareev, Evgeny"]
[Result "1/2-1/2"]
[WhiteElo "2515"]
[BlackElo "2670"]
[Annotator "Hertneck,G"]
[PlyCount "142"]
[EventDate "1992.12.??"]
[EventType "tourn"]
[EventRounds "14"]
[EventCountry "ENG"]
[EventCategory "13"]
[SourceTitle "CBM 033"]
[Source "ChessBase"]
[SourceDate "1993.04.01"]
[SourceVersion "1"]
[SourceVersionDate "1993.04.01"]
[SourceQuality "1"]

1. d4 d5 2. c4 c6 3. Nf3 Nf6 4. Nc3 dxc4 5. e3 b5 6. a4 b4 7. Nb1 Ba6 8. Be2 c5
$1 (8... e6 9. O-O c5 10. Nbd2 c3 11. bxc3 bxc3 12. Nb1 $10 {Salov,V-Huebner,R,
Dortmund 1992, 54/360}) 9. O-O (9. Ne5 e6 10. Bf3 Nd5 11. e4 Nf6 $17) 9... Nc6
10. dxc5 Na5 $1 11. Nbd2 e6 12. b3 (12. Qc2 $2 Qd5 $17) 12... Bxc5 13. Bb2 (13.
Nxc4 Qxd1 14. Rxd1 Nxb3 15. Rb1 Nxc1 16. Rdxc1 O-O $15) (13. bxc4 $13) 13... c3
14. Bxa6 cxb2 15. Bb5+ Ke7 16. Rb1 a6 17. Be2 Qb6 18. Rxb2 Nd5 $15 {>< c3} 19.
Nc4 Nxc4 20. Bxc4 Nc3 21. Qc2 Qc7 22. Qc1 Rhd8 23. Rd2 a5 24. Qc2 g6 25. Rc1
Bd6 26. g3 Be5 27. Bf1 h5 28. Bc4 Qc5 29. h4 Bf6 30. Bf1 Rac8 31. Rxd8 Rxd8 32.
Nd2 Rc8 33. Nc4 g5 34. hxg5 Qxg5 35. Qh7 Rh8 36. Qd3 Rd8 37. Qh7 Rh8 38. Qd3
Qc5 39. Rc2 Rd8 40. Qh7 h4 41. gxh4 Rh8 42. Qd3 Rd8 43. Qh7 Rh8 44. Qd3 Rg8+
45. Bg2 Rd8 46. Qh7 Rh8 47. Qd3 Rd8 48. Qh7 Nxa4 49. Ra2 Nb2 50. Nxa5 Qc1+ 51.
Kh2 Rh8 52. Nc6+ Qxc6 53. Ra7+ Kd6 54. Qxh8 Bxh8 55. Bxc6 Kxc6 56. Rxf7 Nd3 57.
h5 Nc5 58. h6 Nxb3 59. Rf8 Be5+ 60. f4 Bb2 61. e4 Nc5 62. e5 Nd7 63. h7 Nxe5
64. fxe5 Bxe5+ 65. Kg2 b3 66. h8=Q Bxh8 67. Rxh8 Kc5 68. Kf2 Kc4 69. Ke2 b2 70.
Rb8 Kc3 71. Kd1 e5 1/2-1/2

[Event "Chalkidiki"]
[Site "Chalkidiki"]
[Date "1992.??.??"]
[Round "11"]
[White "Stohl, Igor"]
[Black "Bologan, Viktor"]
[Result "1/2-1/2"]
[WhiteElo "2560"]
[BlackElo "2555"]
[Annotator "Hertneck,G"]
[PlyCount "30"]
[EventDate "1992.09.??"]
[EventType "tourn"]
[EventRounds "11"]
[EventCountry "GRE"]
[EventCategory "14"]
[SourceTitle "CBM 032"]
[Source "ChessBase"]
[SourceDate "1993.02.01"]
[SourceVersion "1"]
[SourceVersionDate "1993.02.01"]
[SourceQuality "1"]

1. Nf3 Nf6 2. c4 c6 3. Nc3 d5 4. d4 a6 5. c5 Nbd7 6. Bf4 Nh5 7. Bd2 (7. e3 g6
8. Bd3 Bg7 9. O-O O-O 10. b4 f6 11. Bg3 Nxg3 12. hxg3 $14 {Maksimenko,
A-Khmelnitsky,I, Kherson 1989}) (7. Be3 Qc7 8. g3 g6 9. Bg2 Bg7 10. O-O O-O 11.
Qd2 e5 12. dxe5 Nxe5 $13 {Pinter,J-Haba,P, Thessaloniki ol 1988}) 7... g6 (7...
e5 $5 8. dxe5 (8. e3) 8... Nxc5 (8... Bxc5 $4 9. g4 $18) 9. e3 g6 10. Nd4 Be7
11. Be2 Ng7 12. O-O O-O $13 {Zlotnik,B-Velicka,P, Groningen op 1991}) 8. h3
$146 (8. Qc1 Bg7 9. Bh6 O-O 10. Bxg7 (10. g4 Nhf6 11. Bxg7 Kxg7 12. Qf4 (12. h4
Nxg4 13. h5 e5 14. Bh3 Ndf6 $13) 12... b6 {Khmelnitsky}) 10... Nxg7 11. b4 e5
$1 {Aseev,K-Khmelnitsky,I,Sibenik 1989, 48/(500)}) 8... Bg7 $6 (8... e5 $1 9.
g4 (9. e3 e4 10. Nh2 f5 $36) 9... Ng7 $13) 9. g4 Nhf6 10. Bf4 h5 11. Rg1 $6 (
11. g5 Ne4 12. e3 $14) 11... hxg4 12. hxg4 b6 13. cxb6 Qxb6 (13... Nxb6 14. Ne5
) 14. Qb3 Qa5 15. Qa4 Qxa4 (15... Qxa4 16. Nxa4 Ne4 17. e3 c5 18. Nc3 Bb7 $13)
1/2-1/2

[Event "Olympiad-31"]
[Site "Moscow"]
[Date "1994.12.13"]
[Round "12.2"]
[White "Lobron, Eric"]
[Black "Magem Badals, Jordi"]
[Result "1/2-1/2"]
[WhiteElo "2580"]
[BlackElo "2520"]
[Annotator "Hertneck,G"]
[PlyCount "67"]
[EventDate "1994.12.01"]
[EventType "team-swiss"]
[EventRounds "14"]
[EventCountry "RUS"]
[SourceTitle "CBM 045"]
[Source "ChessBase"]
[SourceDate "1995.04.01"]
[SourceVersion "1"]
[SourceVersionDate "1995.04.01"]
[SourceQuality "1"]
[WhiteTeam "Germany"]
[BlackTeam "Spain"]
[WhiteTeamCountry "GER"]
[BlackTeamCountry "ESP"]

1. d4 d5 2. Nf3 Nf6 3. c4 c6 4. Nc3 a6 5. Bg5 Ne4 6. h4 Nxc3 (6... h6 7. Bf4 e6
) (6... f6 7. Bf4 Nxc3 8. bxc3 dxc4) 7. bxc3 dxc4 8. e4 $146 (8. g3 Be6 9. Bg2
Nd7 10. a4 $13 {Lutz,C-Bologan,V/Bundesliga/1993}) 8... b5 9. Ne5 $1 Qa5 (9...
f6 $5 10. Qh5+ g6 11. Nxg6 hxg6 12. Qxh8 fxg5 13. hxg5 (13. Qg8 Qd6 14. hxg5
$13) 13... Qa5 14. Kd2 $13) (9... g6 {/\ f6}) 10. Bd2 e6 11. Rh3 {/\ Rf3} (11.
a4 Qc7) 11... Nd7 $1 (11... Bd6 12. Qg4 Bxe5 13. dxe5 g6 14. h5 $44) 12. Nxd7 (
12. Nxc6 Qc7 13. d5 Bb7 $15) 12... Bxd7 13. Qh5 $2 (13. a4 $44) 13... O-O-O $1
14. Rg3 (14. Bxc4 $2 e5 $17) (14. Qxf7 $5 e5 15. Rg3 exd4 16. cxd4 Bb4 17.
O-O-O Rhf8 $36) 14... f6 $2 (14... g6 $1 15. Qe5 Be7 $17) 15. a4 $44 g6 16. Qd1
Qb6 17. Qb1 Qb7 (17... e5 18. dxe5 Bc5 19. Be3 $13) 18. Ra2 c5 19. Rb2 Qc7 (
19... cxd4 20. Bxc4 $40) 20. axb5 axb5 21. Rf3 Be7 22. d5 (22. Rxb5 $5) 22...
exd5 23. exd5 Rhe8 24. Bxc4 bxc4 25. Qa1 Bc6 $8 26. dxc6 Qxc6 27. Kf1 f5 (27...
Rd7 $15) 28. Qa7 $132 Bd6 29. Rb6 Qd5 30. Qa6+ Kc7 31. Qa7+ Kc8 32. Qa6+ Kc7
33. Qa7+ Kc8 34. Qa6+ 1/2-1/2

[Event "Interpolis"]
[Site "Tilburg"]
[Date "1992.10.08"]
[Round "1.1"]
[White "Chernin, Alexander"]
[Black "Gavrikov, Viktor"]
[Result "1-0"]
[WhiteElo "2600"]
[BlackElo "2555"]
[Annotator "Hertneck,G"]
[PlyCount "91"]
[EventDate "1992.10.08"]
[EventType "k.o."]
[EventRounds "7"]
[EventCountry "NED"]
[SourceTitle "CBM 032"]
[Source "ChessBase"]
[SourceDate "1993.02.01"]
[SourceVersion "1"]
[SourceVersionDate "1993.02.01"]
[SourceQuality "1"]

1. d4 d5 2. c4 c6 3. Nf3 Nf6 4. Nc3 a6 5. e3 b5 6. b3 Bg4 7. h3 (7. Be2 Bxf3 8.
Bxf3 e6 9. O-O Nbd7 10. Qc2 Be7 $14 {ECO}) 7... Bxf3 8. Qxf3 bxc4 9. bxc4 e5 $1
{After this surprising pawn push white has to play very accurately} 10. Rb1 (
10. dxe5 $2 Bb4 11. Bd2 Bxc3 $1 (11... Qa5 $2 12. exf6 Bxc3 13. Rd1 $16) (11...
Ne4 $6 12. Nxe4 dxe4 13. Qd1 Bxd2+ 14. Qxd2 Qxd2+ 15. Kxd2 Nd7 16. Kc3 $14) 12.
Bxc3 Ne4 13. Rc1 Nxc3 14. Rxc3 Qa5 15. Kd2 Qxa2+ 16. Rc2 Qa5+ 17. Rc3 Nd7 $17)
(10. c5 Nbd7 11. Be2 g6 12. O-O Bg7 13. Rb1 O-O 14. Bd1 Ne8 $1 15. Ne2 Nc7 16.
Ba4 Nb5 $13 {Pinter,J-Komliakov,V, Manila ol 1992}) 10... Nbd7 {TN} (10... Qa5
11. Qf5 $1 (11. Bd2 Bb4 $15 12. Rxb4) 11... Nbd7 (11... Bb4 $4 12. Qc8+ Ke7 13.
Qb7+ $18) 12. Bd2 Bb4 13. Qc2 O-O $10 {Gleizerov,E-Berezjuk,E, Katowice op 1992
}) 11. Bd2 $1 Qe7 $1 12. Be2 (12. cxd5 $2 exd4 13. dxc6 Ne5 14. Qf4 dxc3 15.
Bxc3 Nxc6 $17) 12... Qe6 13. cxd5 cxd5 14. e4 (14. O-O e4 15. Qg3 h6 $1 {/\ Bd6
}) 14... exd4 15. Nxd5 Rc8 16. Nxf6+ Nxf6 17. O-O Be7 (17... Nxe4 $5) 18. e5
$14 (18. Bd3 Qxa2 19. Qe2 $14) 18... Nd7 19. Qb7 Nc5 20. Qa7 h5 21. Rb6 Qd7 22.
Qxd7+ Kxd7 23. Rd1 Rc6 24. Rb4 d3 25. Bf3 Rcc8 26. Rd4+ Ke6 27. Bd5+ Kxe5 28.
Bc3 Kf5 29. Bxf7 Rcd8 30. Rc4 h4 31. Bb4 Kf6 32. Bxc5 Bxc5 33. Rxc5 Kxf7 34.
Rc7+ Kf6 35. Rc3 Rhe8 36. Rdxd3 Re1+ 37. Kh2 Rxd3 38. Rxd3 Re2 39. Rf3+ Ke5 40.
a3 Ra2 41. g3 g5 42. g4 Ke4 43. Kg2 Rb2 44. Rf6 a5 45. Rf5 a4 46. Ra5 1-0

[Event "Elenite"]
[Site "Elenite"]
[Date "1994.??.??"]
[Round "4"]
[White "Greenfeld, Alon"]
[Black "Epishin, Vladimir"]
[Result "1/2-1/2"]
[WhiteElo "2600"]
[BlackElo "2650"]
[Annotator "Hertneck,G"]
[PlyCount "35"]
[EventDate "1994.??.??"]
[EventType "tourn"]
[EventRounds "9"]
[EventCountry "BUL"]
[EventCategory "15"]
[SourceTitle "CBM 044"]
[Source "ChessBase"]
[SourceDate "1995.02.01"]
[SourceVersion "1"]
[SourceVersionDate "1995.02.01"]
[SourceQuality "1"]

1. d4 Nf6 2. Nf3 d5 3. c4 c6 4. Nc3 a6 5. c5 g6 6. Bf4 Bg7 7. h3 O-O 8. e3 Nbd7
9. Be2 Ne8 10. O-O Nc7 11. Qc2 $146 (11. b4 Re8 12. Qd2 e5 13. Nxe5 Nxe5 14.
dxe5 Bxe5 15. Bxe5 Rxe5 16. e4 a5 17. a3 axb4 18. axb4 Rxa1 19. Rxa1 Qf6 $1
$132 {Shirov,A-Bologan,V/Bundesliga/1993}) 11... Re8 (11... e5 $5 12. Nxe5 Nxe5
13. dxe5 (13. Bxe5 Bxe5 14. dxe5 Qe7 $13) 13... Re8 (13... Qe7 $2 14. e6 $1)
14. Rad1 {- game}) 12. Rad1 e5 13. Nxe5 Nxe5 14. Bxe5 Bxe5 15. dxe5 Rxe5 (15...
Qe7 $5 $13) 16. e4 Qe7 17. exd5 Bf5 $1 18. Bd3 (18. Qb3 Nxd5 (18... Rxe2 $2 19.
d6 $18) 19. Nxd5 Rxd5 20. Rxd5 cxd5 21. Bf3 $14) (18. Bd3 Bxd3 19. Rxd3 Qxc5
20. dxc6 (20. d6 $2 Nd5) 20... Qxc6 $10) 1/2-1/2

[Event "Bad Lauterberg Bohemia"]
[Site "Bad Lauterberg"]
[Date "1991.11.05"]
[Round "1"]
[White "Soffer, Ram"]
[Black "Gruenberg, Hans Ulrich"]
[Result "0-1"]
[WhiteElo "2450"]
[BlackElo "2530"]
[Annotator "Hertneck,G"]
[PlyCount "116"]
[EventDate "1991.11.05"]
[EventType "tourn"]
[EventRounds "11"]
[EventCountry "GER"]
[EventCategory "10"]
[SourceTitle "CBM 027"]
[Source "ChessBase"]
[SourceDate "1992.04.01"]
[SourceVersion "1"]
[SourceVersionDate "1992.04.01"]
[SourceQuality "1"]

1. d4 d5 2. c4 c6 3. Nf3 Nf6 4. Nc3 dxc4 5. e4 b5 6. e5 Nd5 7. a4 e6 8. Ng5 h6
9. Nge4 b4 10. Nb1 Ba6 11. Nbd2 Nf4 $1 12. Qg4 (12. Nxc4 Nxg2+ $17) 12... Nd3+
13. Bxd3 cxd3 14. Nd6+ $6 Bxd6 15. Qxg7 Bf8 16. Qxh8 Qxd4 17. O-O Nd7 18. Nf3
Qg4 19. Qh7 {TN} (19. Bxh6 Qh5 20. Bg7 Qxh8 21. Bxh8 Ke7) (19. Bxh6 Qh5 20. Bg7
Qxh8 21. Bxh8 Bh6 22. Bf6 Nxf6 23. exf6 d2 24. Rfd1 Rd8 {-+ Van Wely-Van Der
Sterren, NLD-ch 1991}) 19... Nc5 20. Be3 Nb3 21. Rad1 Qg6 22. Qxg6 fxg6 23. Nd2
Nxd2 24. Rxd2 b3 25. Rc1 c5 26. Rdd1 c4 $17 27. Bd2 Rb8 28. Kf1 Rc8 29. Bc3 Bc5
30. Ke1 Ke7 31. f3 Bg1 32. h3 g5 33. Kf1 Be3 34. Ra1 Bb7 35. Re1 Bc5 36. Rec1
Be3 37. Re1 Bc5 38. Rec1 Bd5 39. Ke1 Be3 40. Bd2 Bd4 41. Bc3 Be3 42. Bd2 Bc5
43. Bc3 Kf7 44. a5 a6 45. Kd2 Kg6 46. Rf1 h5 47. Rae1 Rf8 48. Re3 Kf5 49. g3
Kg6 50. Ree1 Bxf3 51. Ra1 g4 52. h4 Rf5 53. Rae1 Be2 54. Rxf5 Kxf5 55. Ra1 Ke4
56. Ra4 Be3+ 57. Ke1 Kf3 58. Rb4 d2+ 0-1

[Event "Horgen SKA"]
[Site "Horgen"]
[Date "1994.??.??"]
[Round "7"]
[White "Schlosser, Philipp"]
[Black "Magem Badals, Jordi"]
[Result "1/2-1/2"]
[WhiteElo "2510"]
[BlackElo "2520"]
[Annotator "Hertneck,G"]
[PlyCount "45"]
[EventDate "1994.09.??"]
[EventType "tourn"]
[EventRounds "11"]
[EventCountry "SUI"]
[EventCategory "10"]
[SourceTitle "CBM 043"]
[Source "ChessBase"]
[SourceDate "1994.12.01"]
[SourceVersion "1"]
[SourceVersionDate "1994.12.01"]
[SourceQuality "1"]

1. c4 c6 2. d4 d5 3. Nf3 Nf6 4. Nc3 a6 5. c5 Bf5 6. Qb3 Qc8 7. h3 Nbd7 8. Bf4
e6 9. Nh4 (9. e3) 9... Bg6 (9... Be4 $5) 10. e3 e5 $1 11. Nxg6 (11. Bh2 $1 $14)
11... hxg6 12. dxe5 $6 (12. Bh2 $1 $14) 12... Nxc5 13. Qc2 Nfe4 $132 14. Nxe4
Nxe4 15. O-O-O Be7 16. Kb1 (16. f3 Nc5 17. Kb1) 16... Bh4 $1 17. g3 g5 18. gxh4
gxf4 19. Bd3 fxe3 20. Bxe4 dxe4 21. fxe3 Qe6 (21... Rxh4 22. Rd6 $13) 22. Qxe4
Rd8 23. Rd4 (23. Rd4 O-O $10 {/\ Rde8}) 1/2-1/2

[Event "NED-ch46"]
[Site "Eindhoven"]
[Date "1991.06.12"]
[Round "3"]
[White "Van Wely, Loek"]
[Black "Van der Sterren, Paul"]
[Result "0-1"]
[WhiteElo "2475"]
[BlackElo "2485"]
[Annotator "Hertneck,G"]
[PlyCount "58"]
[EventDate "1991.06.10"]
[EventType "tourn"]
[EventRounds "11"]
[EventCountry "NED"]
[EventCategory "9"]
[SourceTitle "CBM 026"]
[Source "ChessBase"]
[SourceDate "1992.02.01"]
[SourceVersion "1"]
[SourceVersionDate "1992.02.01"]
[SourceQuality "1"]

1. d4 d5 2. Nf3 Nf6 3. c4 dxc4 4. Nc3 c6 5. e4 b5 6. e5 Nd5 7. a4 e6 8. Ng5 h6
9. Nge4 b4 10. Nb1 Ba6 11. Nbd2 Nf4 12. Qg4 (12. Nxc4 $2 Nxg2+ $17) 12... Nd3+
13. Bxd3 cxd3 14. Nd6+ $2 (14. O-O) 14... Bxd6 15. Qxg7 Bf8 $1 16. Qxh8 Qxd4
17. O-O Nd7 18. Nf3 Qg4 19. Bxh6 (19. Qh7 Nc5 20. Be3 Nb3 21. Rad1 Qg6 22. Qxg6
fxg6 23. Nd2 Nxd2 24. Rxd2 b3 $1 $17 {Soffer,R-Grünberg,HU, Bad Lauterberg 1991
}) 19... Qh5 20. Bg7 Qxh8 21. Bxh8 Bh6 22. Bf6 (22. g4 Ke7 23. g5 Rxh8 24. gxh6
c5 $19 {Fiorito,F-Smyslov,V, Buenos Aires 1990}) 22... Nxf6 23. exf6 d2 $19 24.
Rfd1 Rd8 25. h4 Be2 26. Ng5 Bxg5 27. hxg5 c5 28. b3 c4 29. bxc4 b3 0-1

[Event "Madrid"]
[Site "Madrid"]
[Date "1994.??.??"]
[Round "6"]
[White "Illescas Cordoba, Miguel"]
[Black "Magem Badals, Jordi"]
[Result "1-0"]
[WhiteElo "2590"]
[BlackElo "2505"]
[Annotator "Hertneck,G"]
[PlyCount "79"]
[EventDate "1994.05.??"]
[EventType "tourn"]
[EventRounds "9"]
[EventCountry "ESP"]
[EventCategory "15"]
[SourceTitle "CBM 041"]
[Source "ChessBase"]
[SourceDate "1994.08.01"]
[SourceVersion "1"]
[SourceVersionDate "1994.08.01"]
[SourceQuality "1"]

1. c4 c6 2. d4 d5 3. Nf3 Nf6 4. Nc3 a6 5. c5 Bf5 $146 6. Bf4 (6. Qb3 $1 Ra7 7.
Bf4) 6... Nbd7 7. e3 g6 8. h3 Bg7 9. Be2 Ne4 10. O-O O-O 11. Na4 (11. Nh4 Be6)
(11. Nxe4 Bxe4 12. Qd2) 11... f6 12. Bh2 e5 13. Qb3 Ra7 $6 (13... Rf7 $1 14.
Qxb7 $140 $2 Ndxc5 $36) 14. Nc3 exd4 15. Nxe4 (15. Nxd4 $2 Nd2) 15... Bxe4 16.
Nxd4 $1 Re8 (16... Nxc5 $2 17. Qa3 {/\ Ne6}) 17. Bd6 g5 18. Bg4 Nf8 19. Bf5
Bxf5 20. Nxf5 Ng6 21. f3 Kh8 22. e4 $1 $16 dxe4 23. Qf7 Rg8 24. Rae1 $1 Qe8 (
24... exf3 25. Nxg7 $18) 25. Qc7 Qc8 (25... Qa8 $1 26. Rxe4 (26. fxe4) 26... b5
27. Qb6 $16) 26. Qxc8 Rxc8 27. Rxe4 Raa8 28. Rb4 Ra7 29. Re1 Rd8 30. Re3 Kg8
31. Reb3 Rd7 32. Bb8 Ra8 33. Rxb7 Rd1+ 34. Kh2 Bf8 35. Bd6 Rd5 36. Bxf8 Rxf5
37. Bd6 Rd5 38. Rc7 Rd2 39. Rbb7 Nh4 40. Rg7+ 1-0

[Event "PCA-Wch Candidates m3 playoff"]
[Site "New York"]
[Date "1994.??.??"]
[Round "10"]
[White "Gulko, Boris F"]
[Black "Short, Nigel D"]
[Result "1/2-1/2"]
[WhiteElo "2615"]
[BlackElo "2655"]
[Annotator "Hertneck,G"]
[PlyCount "81"]
[EventDate "1994.06.??"]
[EventType "match"]
[EventRounds "4"]
[EventCountry "USA"]
[SourceTitle "CBM 042"]
[Source "ChessBase"]
[SourceDate "1994.10.01"]
[SourceVersion "1"]
[SourceVersionDate "1994.10.01"]
[SourceQuality "1"]

1. c4 c6 2. d4 d5 3. Nc3 Nf6 4. e3 a6 5. Nf3 b5 6. b3 Bg4 7. Be2 e6 8. h3 Bxf3
(8... Bh5) 9. Bxf3 Be7 10. O-O O-O 11. Qc2 Nbd7 12. a4 Rc8 $6 (12... Qc7) 13.
axb5 axb5 14. c5 e5 15. Bd2 Ra8 16. Na2 $1 Qc7 17. Nb4 exd4 18. exd4 Rfe8 $6 (
18... Qb7 {/\ Ra1, Ra8}) 19. Be3 $6 (19. Ra2 Qb7 20. Rfa1 $16) 19... Nf8 20.
Qb2 (20. Ra2 $1) 20... Qb7 21. Rxa8 Rxa8 22. Ra1 Ne6 23. Ra2 Kf8 24. Qa1 Rxa2
25. Qxa2 $14 Ke8 26. g3 g6 27. Kg2 Bd8 28. Be2 Nd7 29. Bd3 Bf6 30. Nc2 Nb8 31.
f4 Qa6 32. Qxa6 Nxa6 33. f5 Ng7 34. g4 g5 35. Kf3 h6 36. Ke2 Bd8 37. Bd2 Kd7
38. Ne1 f6 39. Nf3 Ne8 40. h4 Kc8 41. h5 1/2-1/2

[Event "Madrid"]
[Site "Madrid"]
[Date "1994.??.??"]
[Round "1"]
[White "Salov, Valery"]
[Black "Magem Badals, Jordi"]
[Result "1-0"]
[WhiteElo "2685"]
[BlackElo "2505"]
[Annotator "Hertneck,G"]
[PlyCount "76"]
[EventDate "1994.05.??"]
[EventType "tourn"]
[EventRounds "9"]
[EventCountry "ESP"]
[EventCategory "15"]
[SourceTitle "CBM 041"]
[Source "ChessBase"]
[SourceDate "1994.08.01"]
[SourceVersion "1"]
[SourceVersionDate "1994.08.01"]
[SourceQuality "1"]

1. d4 d5 2. c4 c6 3. Nf3 Nf6 4. Nc3 a6 5. c5 g6 6. Bf4 Bg7 7. e3 Nbd7 8. h3 O-O
9. Be2 Ne8 10. O-O Nc7 11. Bg3 $146 (11. b4 Re8 12. Qd2 e5 13. Nxe5 Nxe5 14.
Bxe5 Bxe5 15. dxe5 a5 $1 16. a3 Rxe5 17. e4 axb4 18. axb4 Rxa1 19. Rxa1 Qf6 $1
$13 {Gelfand,B-Shirov,A/Linares/1994 Shirov,A-Bologan,V/Bundesliga/1993}) 11...
Re8 12. Na4 f6 (12... e5 13. dxe5 Nxe5 14. Nd4 $14) 13. Qb3 Kh8 (13... e5 $142)
14. Rad1 Nb5 (14... e5 15. dxe5 fxe5 16. e4 $14) 15. Qc2 e5 16. dxe5 fxe5 17.
e4 d4 18. Ne1 $1 Nc7 19. Nd3 (19. f4 $5) 19... Ne6 20. Bg4 Qe7 21. Qc4 Ng5 22.
Rde1 Nf7 23. Qc2 h5 24. Bd1 Rb8 25. b4 Nf8 26. Nb6 Be6 27. Nc4 Nd7 28. Kh1 Rbd8
29. a3 Rf8 30. Na5 Nb8 31. Qd2 h4 32. Bh2 g5 33. Qe2 Bf6 34. Bb3 Kg7 35. Rb1
Bxb3 36. Rxb3 Nh8 37. Qg4 Ng6 38. Rbb1 Qc7 (38... Qc7 39. Nc4 {/\ Nd6 +/-}) 1-0

[Event "Hamburg SKA"]
[Site "Hamburg"]
[Date "1991.07.04"]
[Round "7"]
[White "Cramling, Pia"]
[Black "Piket, Jeroen"]
[Result "0-1"]
[WhiteElo "2470"]
[BlackElo "2550"]
[Annotator "Hertneck,G"]
[PlyCount "124"]
[EventDate "1991.06.27"]
[EventType "tourn"]
[EventRounds "13"]
[EventCountry "GER"]
[EventCategory "11"]
[SourceTitle "CBM 024"]
[Source "ChessBase"]
[SourceDate "1991.10.01"]
[SourceVersion "1"]
[SourceVersionDate "1991.10.01"]
[SourceQuality "1"]

1. d4 d5 2. c4 dxc4 3. Nf3 c6 4. Nc3 b5 5. a4 b4 6. Nb1 Nf6 7. e3 Ba6 8. Nbd2
$6 (8. Qc2 e6 9. Bxc4 Bxc4 10. Qxc4 Qd5 $1 11. Nbd2 Nbd7 12. Qe2 Ne4 {= ECO
D15/4}) (8. Be2 e6 9. O-O Be7 10. Nbd2 c3 $1 11. bxc3 bxc3 12. Nb1 Qa5 13. Ba3
$1 {<=> Knaak,R-Hertneck,G Bundesliga 90/91}) 8... c3 9. bxc3 Bxf1 10. Nxf1
bxc3 11. Ng3 (11. Qc2 Qa5 12. Ng3 e6 13. O-O Nbd7 14. Ne2 Bb4 15. Ba3 c5 16.
dxc5 Bxc5 17. Bxc5 Nxc5 18. Qxc3 {= Nikolaevskij-Platonav, SU 1971, ECO D15/4
n. 19}) 11... e6 12. a5 $2 (12. Qc2) 12... Nbd7 13. O-O Bb4 $17 14. Qa4 Rb8 15.
Ba3 Qxa5 16. Qxa5 Bxa5 17. Bd6 Rb5 18. e4 Nb6 19. Ne5 Bb4 20. Bxb4 Rxb4 21.
Rfc1 Rxd4 22. Rxc3 Nxe4 23. Nxe4 Rxe4 24. Nxc6 O-O 25. g3 Nd5 26. Rca3 h5 27.
Rxa7 h4 28. Kg2 g5 29. Ne7+ Nxe7 30. Rxe7 Kg7 31. Raa7 Kg6 32. Rec7 g4 33. gxh4
Rf4 34. Rc5 Rd8 35. Kg3 Rf3+ 36. Kxg4 Rxf2 37. Ra4 f5+ 38. Kg3 Rdd2 39. Rc6 Kf6
40. Raa6 Rg2+ 41. Kf3 Rdf2+ 42. Ke3 Re2+ 43. Kf3 Rxh2 44. Rc4 Ref2+ 45. Kg3
Rhg2+ 46. Kh3 Rg1 47. Raa4 Rh1+ 48. Kg3 Rfh2 49. Rf4 Rh3+ 50. Kg2 R1h2+ 51. Kg1
Rb2 52. Rf2 Rb8 53. Kg2 Rbb3 54. Re2 Rbg3+ 55. Kf1 Rg8 56. Ke1 Rh1+ 57. Kd2 Rh8
58. Ra6 Rd8+ 59. Kc2 Re8 60. Ra4 Rc8+ 61. Kd2 Rhc1 62. Rb4 R1c2+ 0-1